000 01800cam a22002054a 4500
005 20250605164055.0
008 250528s ||||||||||||||||||||||||d
035 _a17424
020 _a9602184337
040 _aGR-AtMCL
_bgre
_dGR-AtMCL
_eAACR2
245 1 _aΑσκήσεις Μαθηματικών για Οικονομολόγους.
_nΤόμος Α'
250 _a
260 _bΚριτική,
_c2005
300 _a472
520 _aΠρολεγόμενα, Θεωρία Συνόλων, Διμελείς Σχέσεις, Πραγματικοί Αριθμοί, Πραγματικές Συναρτήσεις, Ακολουθίες, Όρια και Συνέχεια Συναρτήσεων, Παράγωγοι - Βασικές Έννοιες, Παραγώγιση Συνθέτων Συναρτήσεων, Παράγωγοι Ανωτέρας Τάξεως, Γεωμετρικές Έννοιες, Το Διαφορικό, Πεπλεγμένες Συναρτήσεις, Αντίστροφες Συναρτήσεις, Μέγιστα και Ελάχιστα, Κυρτές και Κοίλες Συναρτήσεις, Σειρές, Σειρές Συναρτήσεων, Το Αόριστο Ολοκλήρωμα, Ολοκλήρωση με τη Μέθοδο των Προσδιοριστέων Συντελεστών, Ολοκλήρωση με Αντικατάσταση, Παραγοντική Ολοκλήρωση, Αναγωγικοί Τύποι, Βασικά Ρητά Ολοκληρώματα, Ολοκλήρωση Τριγωνομετρικών Συναρτήσεων, Το Ορισμένο Ολοκλήρωμα, Παραγώγιση Ολοκληρωμάτων, Βιβλιογραφία.
700 1 _aΚώτσιος Στέλιος
_93577
942 _cBK
999 _c2845
_d2845